Econometric methods / (Record no. 1418)

MARC details
000 -LEADER
fixed length control field 00483cam a2200169 4500
001 - CONTROL NUMBER
control field 1854
005 - DATE AND TIME OF LATEST TRANSACTION
control field 20181127164113.0
008 - FIXED-LENGTH DATA ELEMENTS--GENERAL INFORMATION
fixed length control field 830707s1984 nyu b 001 0 eng
010 ## - LIBRARY OF CONGRESS CONTROL NUMBER
LC control number 83014899
020 ## - INTERNATIONAL STANDARD BOOK NUMBER
International Standard Book Number 0070326851
100 1# - MAIN ENTRY--PERSONAL NAME
Personal name Johnston, J.
Fuller form of name (John),
Dates associated with a name 1923-
245 10 - TITLE STATEMENT
Title Econometric methods /
Statement of responsibility, etc. J. Johnston.
260 ## - PUBLICATION, DISTRIBUTION, ETC.
Place of publication, distribution, etc. New York :
Name of publisher, distributor, etc. McGraw-Hill,
Date of publication, distribution, etc. 1963.
300 ## - PHYSICAL DESCRIPTION
Extent xiii, 300 p. ;
Dimensions 24 cm.
504 ## - BIBLIOGRAPHY, ETC. NOTE
Bibliography, etc. note Includes bibliographical references and index.
650 #0 - SUBJECT ADDED ENTRY--TOPICAL TERM
Topical term or geographic name entry element Econometrics.
Holdings
Withdrawn status Lost status Source of classification or shelving scheme Damaged status Not for loan Collection code Home library Current library Shelving location Date acquired Serial Enumeration / chronology Inventory number Total Checkouts Full call number Barcode Date last seen Date last checked out Price effective from Koha item type
    Dewey Decimal Classification     Main TEST RTC Library RTC Library Main opac 19/11/2024 462 1 330.015 JOH 30000564 25/11/2024 19/11/2024 27/11/2018 Main
Royal Thimphu College || All Right Reserved